The Pollution Prevention and Control (England and Wales) (Amendment) (No 2) Regulations 2003 (Record no. 103441)
[ view plain ]
| 000 -LEADER | |
|---|---|
| fixed length control field | 01141cam a2200205 4500 |
| 008 - FIXED-LENGTH DATA ELEMENTS--GENERAL INFORMATION | |
| fixed length control field | 040326n2003 000 0 eng u |
| 020 ## - INTERNATIONAL STANDARD BOOK NUMBER | |
| International Standard Book Number | 0110484339 |
| 035 ## - SYSTEM CONTROL NUMBER | |
| System control number | (Sirsi) u125597 |
| 041 ## - LANGUAGE CODE | |
| Language code of text/sound track or separate title | eng |
| 245 #4 - TITLE STATEMENT | |
| Title | The Pollution Prevention and Control (England and Wales) (Amendment) (No 2) Regulations 2003 |
| 260 ## - PUBLICATION, DISTRIBUTION, ETC. | |
| Place of publication, distribution, etc. | London |
| Name of publisher, distributor, etc. | HMSO |
| Date of publication, distribution, etc. | 2003 |
| 490 ## - SERIES STATEMENT | |
| Series statement | SI |
| Volume/sequential designation | 2003: 3296 |
| 520 ## - SUMMARY, ETC. | |
| Summary, etc. | Came into force 7 January 2004. Amend the Pollution Prevention and Control (England and Wales) Regulations 2000. Amendments include changes to the definition of specified waste management activity as specified in Reg 2(1) and the deletion and replacement of Reg 4 para 3(b) to (d) relating to fit and proper persons. See Explanatory Note for full details of changes. View at www.legislation.hmso.gov.uk/stat.htm. |
| 650 ## - SUBJECT ADDED ENTRY--TOPICAL TERM | |
| Topical term or geographic name entry element | POLLUTION PREVENTION AND CONTROL (ENGLAND AND WALES) REGULATIONS 2000 |
| 650 ## - SUBJECT ADDED ENTRY--TOPICAL TERM | |
| Topical term or geographic name entry element | WASTE DISPOSAL |
| 650 ## - SUBJECT ADDED ENTRY--TOPICAL TERM | |
| Topical term or geographic name entry element | LANDFILL |
| 690 ## - LOCAL SUBJECT ADDED ENTRY--TOPICAL TERM (OCLC, RLIN) | |
| Topical term or geographic name as entry element | ENVIRONMENTAL AND LAND CONSULTANCY-WASTE MANAGEMENT |
| 856 ## - ELECTRONIC LOCATION AND ACCESS | |
| Uniform Resource Identifier | <a href="https://www.legislation.hmso.gov.uk/si/si2003/20033296.htm">https://www.legislation.hmso.gov.uk/si/si2003/20033296.htm</a> |
| Public note | View the Regulations on the HMSO website... |
| 942 ## - ADDED ENTRY ELEMENTS (KOHA) | |
| Suppress in OPAC | 0 |
| Withdrawn status | Lost status | Source of classification or shelving scheme | Damaged status | Not for loan | Home library | Current library | Shelving location | Date acquired | Total Checkouts | Full call number | Barcode | Date last seen | Copy number | Price effective from | Koha item type |
|---|---|---|---|---|---|---|---|---|---|---|---|---|---|---|---|
| Dewey Decimal Classification | Virtual | Virtual | Online | 26/03/2004 | ONLINE PUBLICATION | 125597-2001 | 06/08/2019 | 1 | 06/08/2019 | Book |